000 00415nam a2200181Ia 4500
001 2620
005 20260306144820.0
008 260306t2007||||xx |||||||||||||| ||spa||
041 _aESP
082 _a618.92
_bG57
100 _aGoebel, Wolfgang
_eAUT
245 0 _aPediatría para la familia
260 _c2007
300 _a737 páginas :
_ccm.
650 _aGEN
654 _aCPS
942 _cLIB
_dJUS
_fJUS
_2ddc
_n
999 _c2620
_d2620